000
00526nam a2200133Ia 4500
008
100328s9999 xx 000 0 und d
082
_b
54176
100
_a
कृष्णगोविंद
245
_a
पाणी काढण्याची यांत्रिक साधने
260
_b
उदयम
630
_a
पाणी काढण्याची यांत्रिक साधने
730
_a
पाणी काढण्याची यांत्रिक साधने
942
_c
BOOK
999
_c
540899
_d
540896